[Event "AUTO-ADV-4855"]
[Site "http://www.queenalice.com/game.php?id=1854570"]
[Date "2025.3.27"]
[Round "1"]
[White "Borsssoi"]
[Black "Givanildo"]
[Result "1-0"]
[WhiteElo "1679"]
[BlackElo "1679"]

1. e4 d5 2. e5 Bf5 3. d4 e6 4. Nf3 h6 5. Bd3 Bb4+ 6. c3 Be4 7. cxb4 a6 8. Bxe4
dxe4 9. Nfd2 Qxd4 10. Nb3 Qxd1+ 11. Kxd1 Ne7 12. Re1 Nbc6 13. Rxe4 O-O-O+ 14.
Ke1 f5 15. Re2 Nd5 16. Nc3 Nxc3 17. bxc3 g5 18. Nc5 Rhe8 19. Rb1 Rd5 20. c4 Rxe5
21. Rb2 Rxe2+ 22. Rxe2 e5 23. f3 f4 24. Ne4 Nd4 25. Rd2 Re6 26. Nc5 Re7 27. a4
h5 28. Kf2 g4 29. fxg4 hxg4 30. g3 fxg3+ 31. Kxg3 Rg7 32. Rf2 Ne6 33. Nxe6 Re7
34. Rf8+ Kd7 35. Nc5+ Kc6 36. Rf6+ Re6 37. Nxe6 Kd7 38. Nc5+ Ke7 39. Bg5 b6 40.
Ne4 Kd7 41. Nc5+ bxc5 42. bxc5 c6 43. Kxg4 e4 44. Rf7+ Ke6 45. Re7# 1-0

[Event "AUTO-ADV-4855"]
[Site "http://www.queenalice.com/game.php?id=1854571"]
[Date "2025.3.27"]
[Round "1"]
[White "Givanildo"]
[Black "Borsssoi"]
[Result "0-1"]
[WhiteElo "1678"]
[BlackElo "1614"]

1. d4 d5 2. Bf4 Nc6 3. e3 Nf6 4. h3 Bf5 5. Nf3 Nb4 6. Na3 e6 7. Bd3 c6 8. Bxf5
exf5 9. O-O Qe7 10. c3 Na6 11. b4 Ne4 12. Qd3 g5 13. Bh2 g4 14. hxg4 fxg4 15.
Ne5 Rg8 16. g3 Qf6 17. Nc2 Bd6 18. Nxg4 Rxg4 19. b5 Nb8 20. Rab1 c5 21. a4 c4
22. Qe2 Nxc3 23. Qxg4 Nxb1 24. Rxb1 Nd7 25. Nb4 Nb6 26. a5 Bxb4 27. Rxb4 c3 28.
axb6 c2 29. Qg8+ Ke7 30. Qxa8 c1=Q+ 31. Kg2 Qd6 32. Qxb7+ Qd7 33. Qa6 Qf5 34.
Qxa7+ Kf6 35. Qa2 Qd1 36. f4 Qe4+ 37. Kh3 Qh5# 0-1

[Event "AUTO-ADV-4855"]
[Site "http://www.queenalice.com/game.php?id=1854572"]
[Date "2025.3.27"]
[Round "1"]
[White "Borsssoi"]
[Black "Canaye14"]
[Result "1-0"]
[WhiteElo "1667"]
[BlackElo "1876"]

1. d4 e6 2. e4 d5 3. e5 c5 4. Nf3 Nc6 5. Bb5 Qb6 6. c4 cxd4 7. Bxc6+ bxc6 8.
Nbd2 Bb4 9. a3 Qa5 10. O-O Nh6 11. Nb3 Qa6 12. Qxd4 Ba5 13. Nc5 Qxc4 14. Bxh6
gxh6 15. Rfc1 Qxd4 16. Nxd4 Bd7 17. Nxd7 Kxd7 18. b4 Bb6 19. Nxc6 Rac8 20. b5
Rc7 21. a4 Rhc8 22. a5 Bxf2+ 23. Kxf2 Rxc6 24. bxc6+ Kc7 25. Rab1 Rb8 26. Rxb8
Kxb8 27. c7+ Kc8 28. Kf3 a6 29. Kf4 1-0

[Event "AUTO-ADV-4855"]
[Site "http://www.queenalice.com/game.php?id=1854573"]
[Date "2025.3.27"]
[Round "1"]
[White "Canaye14"]
[Black "Borsssoi"]
[Result "1-0"]
[WhiteElo "1868"]
[BlackElo "1675"]

1. d4 d5 2. Bf4 Nc6 3. Nf3 e5 4. Nxe5 Bd6 5. e3 Nf6 6. Nxc6 bxc6 7. Bg3 O-O 8.
c3 Ne4 9. Qf3 Re8 10. Nd2 Nxg3 11. hxg3 Rb8 12. Bd3 Rxb2 13. Bxh7+ Kf8 14. Qh5
g6 15. Bxg6 fxg6 16. Qxg6 Rxe3+ 17. fxe3 Ke7 18. Rh7+ Kf8 19. Qg7+ Ke8 20. Qf7#
1-0

[Event "AUTO-ADV-4855"]
[Site "http://www.queenalice.com/game.php?id=1854574"]
[Date "2025.3.27"]
[Round "1"]
[White "Borsssoi"]
[Black "oniwa"]
[Result "1-0"]
[WhiteElo "1633"]
[BlackElo "1916"]

1. e4 e5 2. Nf3 Nc6 3. d4 exd4 4. Nxd4 Nxd4 5. Qxd4 d6 6. Nc3 Be6 7. e5 c5 8.
Qa4+ Bd7 9. Qe4 Bc6 10. Bb5 Qd7 11. exd6+ Kd8 12. Bxc6 bxc6 13. Bf4 Nf6 14. Qe5
Bxd6 15. Qxd6 Re8+ 16. Ne2 Re7 17. O-O-O Ke8 18. Qxc5 Qe6 19. Bd6 Rd7 20. Nf4
Qxa2 21. Rhe1+ Kd8 22. Be7+ Kc7 23. Rxd7+ Nxd7 24. Bd6+ Kb7 25. Re7 Rd8 26. Qb4+
Ka8 27. Nd5 Qxd5 28. Rxd7 Re8 29. Qb7# 1-0

[Event "AUTO-ADV-4855"]
[Site "http://www.queenalice.com/game.php?id=1854575"]
[Date "2025.3.27"]
[Round "1"]
[White "oniwa"]
[Black "Borsssoi"]
[Result "1-0"]
[WhiteElo "1866"]
[BlackElo "1722"]

1. d4 d5 2. c4 e5 3. dxe5 d4 4. Nf3 Nc6 5. e3 Bg4 6. Be2 Nxe5 7. Nxe5 Bxe2 8.
Qxe2 d3 9. Nxd3 Qg5 10. O-O Nf6 11. e4 Qg4 12. f3 Qd7 13. Bg5 Bc5+ 14. Nxc5 Qd4+
15. Be3 Qe5 16. Nd3 Qd6 17. e5 Qe6 18. exf6 Qxf6 19. Bg5+ Qe6 20. Qxe6+ fxe6 21.
Re1 O-O 22. Rxe6 Rad8 23. Re3 Rd4 24. Nd2 c5 25. Be7 Re8 26. Nb3 Rxc4 27. Ndxc5
b6 28. Nd3 h6 29. Rae1 Ra4 30. a3 Rc4 31. Bd6 Rxe3 32. Rxe3 g5 33. Re6 a5 34.
Rxh6 Kg7 35. Re6 a4 36. Nd2 Rd4 37. Be5+ Kf7 38. Bxd4 Kxe6 39. Bxb6 1-0

[Event "Challenge"]
[Site "http://www.queenalice.com/game.php?id=1854702"]
[Date "2025.3.29"]
[Round "-"]
[White "Borsssoi"]
[Black "Mr_SPOCK"]
[Result "1-0"]
[WhiteElo "1642"]
[BlackElo "1732"]

1. e4 e5 2. Nf3 Nc6 3. Bc4 Bc5 4. O-O Nf6 5. Bxf7+ Kxf7 6. Nxe5+ Ke6 7. Nxc6
dxc6 8. Re1 Re8 9. d4 Bxd4 10. Bg5 Kf7 11. c3 Bg4 12. Qb3+ Be6 13. Qc2 Bf5 14.
cxd4 Qxd4 15. Nd2 Bxe4 16. Qb3+ Nd5 17. Qxb7 Reb8 18. Qxc6 h6 19. Nxe4 Re8 20.
Nd6+ Kg8 21. Nxe8 hxg5 22. Qxa8 Kf7 23. Qd8 Kg6 24. Re6+ Kh5 25. Nxg7+ Kg4 26.
Rae1 Qxg7 27. R1e4+ Nf4 28. Qd1+ Kh4 29. h3 g4 30. Rxf4 Qg5 31. Rc4 Kh5 32.
Qxg4+ Qxg4 33. hxg4+ Kg5 34. Rc3 a5 35. Kh2 a4 36. Kg3 a3 37. Rc5# 1-0

[Event "Challenge"]
[Site "http://www.queenalice.com/game.php?id=1854803"]
[Date "2025.4.1"]
[Round "-"]
[White "Scar"]
[Black "Borsssoi"]
[Result "1-0"]
[WhiteElo "1776"]
[BlackElo "1653"]

1. e4 e5 2. d4 Nf6 3. Bg5 d6 4. d5 Be7 5. Bd3 Na6 6. Qe2 Nc5 7. Nd2 Ncxe4 8.
Bxe4 Nxe4 9. Bxe7 Qxe7 10. Nxe4 Bf5 11. c4 Qh4 12. Ng3 Qg5 13. Nf3 Qf6 14. Rc1
O-O 15. O-O Rfe8 16. Nd2 e4 17. Ngxe4 Qxb2 18. f3 Qxa2 19. Ra1 Qb2 20. g4 Bxe4
21. fxe4 Qd4+ 22. Kg2 Re5 23. Rad1 Rh5 24. gxh5 Qe5 25. Rf5 Qe6 26. dxe6 1-0

[Event "Challenge"]
[Site "http://www.queenalice.com/game.php?id=1854804"]
[Date "2025.4.1"]
[Round "-"]
[White "Borsssoi"]
[Black "Scar"]
[Result "0-1"]
[WhiteElo "1660"]
[BlackElo "1797"]

1. d4 d5 2. e4 dxe4 3. Nc3 f5 4. f3 Nf6 5. g3 b6 6. Bf4 Nbd7 7. Qe2 Bb7 8. O-O-O
e6 9. Bg2 Bb4 10. fxe4 Bxc3 11. bxc3 fxe4 12. Bg5 Qc8 13. c4 h6 14. Bxf6 Nxf6
15. d5 exd5 16. cxd5 Bxd5 17. Rxd5 Nxd5 18. Qxe4+ Ne7 19. Qe5 Rg8 20. Qb5+ c6
21. Qe2 Qd7 22. Nf3 O-O-O 23. Rd1 Qc7 24. Nd4 Rd7 25. Ne6 Rxd1+ 26. Qxd1 Qe5 27.
Qg4 Qf5 28. Qxf5 Nxf5 29. Bxc6 g5 30. c4 Rg6 31. Bd5 Ne3 32. Nf8 Rd6 33. Be6+
Kc7 34. Bd5 Nxd5 35. cxd5 Rxd5 36. Ne6+ Kd6 37. Ng7 Rc5+ 38. Kb2 a5 39. a4 Re5
40. Kb3 Re2 41. Nf5+ Ke5 42. Nxh6 Kd5 43. h4 gxh4 44. gxh4 Rh2 45. Nf5 Ke5 46.
Ne3 Rh3 47. Kc4 Rxe3 48. h5 Kd6 49. Kb5 Kc7 50. h6 Rh3 51. h7 Rxh7 0-1

[Event "Challenge"]
[Site "http://www.queenalice.com/game.php?id=1855184"]
[Date "2025.4.8"]
[Round "-"]
[White "Mr_SPOCK"]
[Black "Borsssoi"]
[Result "0-1"]
[WhiteElo "1730"]
[BlackElo "1660"]

1. e4 e5 2. Qh5 Nc6 3. Bc4 g6 4. Qf3 Nf6 5. d3 Nd4 6. Qd1 Bd6 7. Nf3 Bc5 8. O-O
d5 9. exd5 Nxd5 10. Nxe5 c6 11. Be3 Nxe3 12. fxe3 Ne6 13. Qd2 Qg5 14. Kh1 b5 15.
Nxf7 Qxe3 16. Qxe3 Bxe3 17. Nxh8 bxc4 18. dxc4 Bd7 19. Nc3 Nd4 20. Ne4 Be6 21.
Nf6+ Ke7 22. Nxh7 Rxh8 23. Rfe1 Nxc2 24. Rxe3 Nxe3 25. Ng5 Bxc4 26. Re1 Kf6 27.
Nf3 Nf5 28. g4 Bd5 29. g5+ Kf7 30. Kg2 Nh4+ 31. Kf2 Nxf3 32. Rc1 Rxh2+ 33. Kg3
Rxb2 34. a4 Nd4 35. Rf1+ Nf5+ 36. Kf4 Rb4+ 37. Ke5 Re4# 0-1

[Event "Challenge"]
[Site "http://www.queenalice.com/game.php?id=1855609"]
[Date "2025.4.15"]
[Round "-"]
[White "Scar"]
[Black "Borsssoi"]
[Result "0-1"]
[WhiteElo "1756"]
[BlackElo "1704"]

1. e4 e5 2. d4 exd4 3. Qxd4 Nc6 4. Qd1 Bc5 5. Nf3 Nf6 6. Nc3 Ng4 7. Be3 Nxe3 8.
fxe3 Bxe3 9. Qd3 Bh6 10. Be2 O-O 11. O-O d6 12. g3 Nb4 13. Qd1 Bh3 14. Rf2 Be3
15. a3 Nc6 16. Nd5 Bxf2+ 17. Kxf2 Re8 18. Bd3 Bg4 19. h4 Nd4 20. Be2 Nxe2 21.
Qxe2 c6 22. Nc3 d5 23. e5 f6 24. Qd3 fxe5 25. Nh2 Qb6+ 26. Kg2 Bh5 27. g4 Bg6
28. Qe2 Qxb2 29. Qe1 Qxc2+ 30. Ne2 Be4+ 31. Nf3 Rf8 32. Kg3 Rxf3+ 33. Kh2 Re3
34. Qg1 Qxe2+ 0-1

[Event "Challenge"]
[Site "http://www.queenalice.com/game.php?id=1855610"]
[Date "2025.4.15"]
[Round "-"]
[White "Borsssoi"]
[Black "Scar"]
[Result "1-0"]
[WhiteElo "1590"]
[BlackElo "1780"]

1. d4 d5 2. e4 dxe4 3. Nc3 Nf6 4. f3 exf3 5. Qxf3 Qxd4 6. Be3 Qd8 7. Rd1 Bd7 8.
Qxb7 Nc6 9. Rxd7 Kxd7 10. Bb5 Ke6 11. Qxc6+ Ke5 12. Nf3+ 1-0

[Event "Challenge"]
[Site "http://www.queenalice.com/game.php?id=1856047"]
[Date "2025.4.23"]
[Round "-"]
[White "Borsssoi"]
[Black "Mr_SPOCK"]
[Result "0-1"]
[WhiteElo "1739"]
[BlackElo "1707"]

1. d4 d5 2. c4 e5 3. e3 e4 4. Nc3 Nf6 5. Qc2 Bb4 6. Qa4+ Nc6 7. cxd5 Nxd5 8. Qc2
Bf5 9. Bd2 O-O 10. g3 Qd7 11. Bh3 Nxc3 12. Bxc3 Bxh3 13. d5 Bxc3+ 14. Qxc3 Bg2
15. O-O-O Ne7 16. Ne2 Bxh1 17. Rxh1 Nxd5 18. Rd1 Qe6 19. Qa5 c6 20. a3 a6 21.
Nd4 Qg4 22. Rd2 b6 23. Qa4 Rfc8 24. Qc4 b5 25. Qc5 Qh3 26. Nxc6 Rxc6 27. Qxc6
Rc8 28. Qxc8+ Qxc8+ 29. Kd1 Qe6 30. Ke1 f5 31. Rc2 Nb6 32. Rc5 Qa2 33. Rc6 Qb1+
34. Kd2 Qxb2+ 35. Ke1 Nc4 36. Rxa6 Qd2+ 37. Kf1 b4 38. axb4 Nxe3+ 39. Kg1 Qe1#
0-1

[Event "Challenge"]
[Site "http://www.queenalice.com/game.php?id=1856142"]
[Date "2025.4.25"]
[Round "-"]
[White "Scar"]
[Black "Borsssoi"]
[Result "0-1"]
[WhiteElo "1699"]
[BlackElo "1724"]

1. e4 e5 2. d4 exd4 3. Qxd4 Nc6 4. Qe3 Nf6 5. Nc3 b6 6. Bd3 Bc5 7. Qe2 O-O 8. a3
Re8 9. Be3 d5 10. Bxc5 dxe4 11. Nxe4 bxc5 12. f3 Rb8 13. b3 Nd4 14. Qd1 Bf5 15.
Ne2 Bxe4 16. fxe4 Ng4 17. Nxd4 Qxd4 18. Qxg4 Qxa1+ 19. Qd1 Qxd1+ 20. Kxd1 c4 21.
Bxc4 Rxe4 22. Bd3 Re5 23. g4 c5 24. Kd2 Rc8 25. c4 h5 26. gxh5 Rxh5 27. Kc3 Re8
28. b4 cxb4+ 29. axb4 Rhe5 30. c5 Re1 31. Rxe1 Rxe1 32. h4 Re3 33. b5 Kf8 34.
Kd4 Rh3 35. c6 Rxh4+ 36. Kd5 Ke7 37. Bc4 Rf4 38. Kc5 Kd8 39. Bd5 Kc7 40. Bg2 g5
41. Bd5 g4 42. Bg2 g3 43. Kd5 Rf2 44. Be4 g2 45. Bxg2 Rxg2 0-1

[Event "AUTO-INT-3929"]
[Site "http://www.queenalice.com/game.php?id=1856304"]
[Date "2025.4.27"]
[Round "1"]
[White "game"]
[Black "Borsssoi"]
[Result "0-1"]
[WhiteElo "1400"]
[BlackElo "1718"]

1. e4 Nf6 2. Nf3 e5 3. Nxe5 Nxe4 4. Bc4 d5 5. Qf3 Be6 6. Bb3 Qg5 7. O-O Qxe5 8.
Re1 Bd6 9. Ba4+ Kd8 10. d3 Qxh2+ 11. Kf1 h5 12. dxe4 Bg4 13. Bg5+ f6 14. Bxf6+
Kc8 15. Bd7+ Nxd7 16. Qxg4 hxg4 17. Bxg7 Rg8 18. exd5 Qh1+ 19. Ke2 Re8+ 0-1

[Event "AUTO-INT-3929"]
[Site "http://www.queenalice.com/game.php?id=1856305"]
[Date "2025.4.27"]
[Round "1"]
[White "Borsssoi"]
[Black "game"]
[Result "1-0"]
[WhiteElo "1721"]
[BlackElo "1397"]

1. e4 e5 2. Nf3 d6 3. d4 Nf6 4. Bg5 Be7 5. Bxf6 Bxf6 6. Nc3 O-O 7. d5 Re8 8. Be2
c6 9. O-O c5 10. a4 h5 11. Ra3 Be7 12. Nd2 Bg5 13. Nc4 f5 14. Bxh5 Rf8 15. Nb5
fxe4 16. Nbxd6 Be7 17. Nxc8 Qxc8 18. Bg4 Nd7 19. Nxe5 c4 20. Be6+ Kh8 21. Qh5#
1-0

[Event "AUTO-INT-3929"]
[Site "http://www.queenalice.com/game.php?id=1856318"]
[Date "2025.4.27"]
[Round "1"]
[White "Castling"]
[Black "Borsssoi"]
[Result "0-1"]
[WhiteElo "1703"]
[BlackElo "1754"]

1. e4 e5 2. Bc4 Nc6 3. a3 Nf6 4. d3 d5 5. Bb5 d4 6. Bg5 h6 7. Bh4 g5 8. Bg3 Bd7
9. Bxc6 Bxc6 10. Bxe5 Bg7 11. Nf3 O-O 12. Nxd4 Bxe4 13. dxe4 Re8 14. O-O Rxe5
15. Nf5 Nxe4 16. Nxg7 Kxg7 17. Nc3 Nxc3 18. Qxd8 Rxd8 19. bxc3 Rd2 20. Rac1 Rc5
21. Rfe1 Rxc3 22. h3 Rxa3 23. Re7 Rc3 24. f3 Rcxc2 25. Rxc2 Rxc2 26. Kh2 b5 27.
Kg3 b4 28. Re3 c5 29. Re7 c4 30. Rxa7 b3 31. Rb7 b2 32. Kg4 Rxg2+ 33. Kf5 c3 0-1

[Event "AUTO-INT-3929"]
[Site "http://www.queenalice.com/game.php?id=1856319"]
[Date "2025.4.27"]
[Round "1"]
[White "Borsssoi"]
[Black "Castling"]
[Result "1-0"]
[WhiteElo "1739"]
[BlackElo "1718"]

1. e4 e5 2. Nf3 d6 3. d4 Bg4 4. Nc3 Nf6 5. dxe5 Bxf3 6. Qxf3 dxe5 7. Bg5 a6 8.
Bxf6 gxf6 9. Bd3 Nc6 10. O-O-O Bd6 11. Nd5 Nd4 12. Qxf6 Qxf6 13. Nxf6+ Ke7 14.
Nd5+ Kd7 15. c3 Nc6 16. Ne3 Raf8 17. g3 Bc5 18. Bxa6+ Kc8 19. Bc4 Bxe3+ 20. fxe3
Na5 21. Bb5 c6 22. Be2 Rd8 23. b4 Rxd1+ 24. Rxd1 Rd8 25. Rxd8+ Kxd8 26. bxa5 Kd7
27. Bg4+ Kd6 28. h4 Kc5 29. Bf5 h6 30. Bc8 b5 31. g4 Kc4 32. a6 1-0

[Event "AUTO-INT-3929"]
[Site "http://www.queenalice.com/game.php?id=1856328"]
[Date "2025.4.27"]
[Round "1"]
[White "Borsssoi"]
[Black "Piondanslevent"]
[Result "1-0"]
[WhiteElo "1733"]
[BlackElo "1491"]

1. e4 c6 2. Nf3 d6 3. d4 b5 4. Bd2 a5 5. Ng5 e6 6. g3 Nf6 7. e5 dxe5 8. dxe5
Nfd7 9. f4 Be7 10. Be3 Ba6 11. h4 c5 12. Qh5 Bxg5 13. hxg5 g6 14. Qh6 Qe7 15.
Bg2 Ra7 16. Nd2 b4 17. Ne4 Nc6 18. Nf6+ Nxf6 19. gxf6 Qc7 20. Qg7 Rf8 21. Rxh7
Nd4 22. Qxf8+ 1-0

[Event "AUTO-INT-3929"]
[Site "http://www.queenalice.com/game.php?id=1856329"]
[Date "2025.4.27"]
[Round "1"]
[White "Piondanslevent"]
[Black "Borsssoi"]
[Result "0-1"]
[WhiteElo "1498"]
[BlackElo "1726"]

1. c4 Nf6 2. d4 d5 3. c5 Bf5 4. Nf3 Nc6 5. e3 Ne4 6. Bb5 e6 7. Ne5 a6 8. Nxc6
Qd7 9. Bxa6 Qxc6 10. Qe2 Qxa6 11. Nc3 Nxc3 12. bxc3 Bd3 13. Qd2 e5 14. a4 e4 15.
a5 Qg6 16. g3 Be7 17. Ba3 Rxa5 18. c4 Qh5 19. cxd5 O-O 20. Bb2 Rfa8 21. Qd1 Rxa1
0-1

[Event "Challenge"]
[Site "http://www.queenalice.com/game.php?id=1856924"]
[Date "2025.5.7"]
[Round "-"]
[White "Borsssoi"]
[Black "Leanne"]
[Result "1-0"]
[WhiteElo "1724"]
[BlackElo "1287"]

1. e4 e5 2. Nf3 Nc6 3. d4 exd4 4. Bd3 d6 5. Nbd2 Nb4 6. Nxd4 Nf6 7. a3 Nxd3+ 8.
cxd3 d5 9. N2f3 Bd7 10. e5 Ng4 11. Ng5 Nxe5 12. Qe2 Qe7 13. Nb5 Bxb5 14. Bf4
Bxd3 15. Qxe5 Qxe5+ 16. Bxe5 f6 17. O-O-O fxe5 18. Rxd3 O-O-O 19. Nf7 1-0

[Event "Challenge"]
[Site "http://www.queenalice.com/game.php?id=1856925"]
[Date "2025.5.7"]
[Round "-"]
[White "Leanne"]
[Black "Borsssoi"]
[Result "0-1"]
[WhiteElo "1289"]
[BlackElo "1722"]

1. Nf3 d5 2. c4 c5 3. cxd5 Nf6 4. Nc3 Nxd5 5. Nxd5 Qxd5 6. e3 e5 7. Bb5+ Nc6 8.
O-O Bg4 9. d4 c4 10. Bxc6+ Qxc6 11. d5 Qc5 12. e4 Be7 13. Be3 Qc7 14. g3 O-O 15.
Qd2 Bxf3 16. Qc2 Rad8 17. Rac1 g6 18. Qc3 Bxe4 19. Qxc4 Qxc4 0-1